=LDR 00000nam 2200000 4500 =001 NUTBA000000000005155 =005 20141022114857.0 =006 =007 =008 =020 ##$$a 602-98724-2-7 =035 ##$$a 0010-101400000000385 =040 ##$$a NBPDMAT =082 ##$$a 581.959 853 1 =090 ##$$a 581.959 853 1 $b Fac f =100 ##$$a Fachri Aljupri =245 ##$$a Flora endemik pulau lombok / $c Fachri Aljupri =250 ##$$a Cet.2 =260 ##$$a Jakarta : $b Wadah Ilmu, $c 2010 =300 ##$$a iv, 66 hlm. : $b ilus. ; $c 24 cm. =500 ##$$a Bibliografi : hlm. 65 =650 ##$$a Flora - Lombok =850 ##$$a NBPDMAT